000 00678nam a2200205 a 4500
001 000041679
005 20201002035712.0
008 131015s1972 sp 000 0 spa d
040 _aDO-SdBNP
_bspa
_cBNPHU
100 1 _aLeach, E. R.
_968481
240 1 0 _aRethinking antropology
245 1 0 _aReplanteamiento de la antropología /
_cE.R. Leach; traducción José R. Llobera.
250 _a2a. ed.
260 _aBarcelona :
_bSeix Barral,
_c1972.
300 _a225 p. ;
_c22 cm.
490 1 _aBiblioteca breve. Ciencias humana
_v309
504 _aBibliografía : p. 212-220
700 1 _aLlobera, José R.
_968482
830 0 _aBiblioteca breve. Ciencias humanas ;
_n309
_968483
999 _c41169
_d41169